Perilous power : (Record no. 43694)

MARC details
001 - CONTROL NUMBER
control field 14438495
003 - CONTROL NUMBER IDENTIFIER
control field 0199112
005 - DATE AND TIME OF LATEST TRANSACTION
control field 20251011142748.0
008 - FIXED-LENGTH DATA ELEMENTS--GENERAL INFORMATION
fixed length control field 060705s2007 cou b 001 0 eng
010 ## - LIBRARY OF CONGRESS CONTROL NUMBER
LC control number 2006021980
020 ## - INTERNATIONAL STANDARD BOOK NUMBER
International Standard Book Number 9781032872674
020 ## - INTERNATIONAL STANDARD BOOK NUMBER
International Standard Book Number 9781594513121
035 ## - SYSTEM CONTROL NUMBER
System control number 14438495
035 ## - SYSTEM CONTROL NUMBER
System control number (OCoLC)70630340
040 ## - CATALOGING SOURCE
Original cataloging agency DLC
Transcribing agency DLC
Modifying agency BAKER
-- C#P
-- YDXCP
-- OCLCQ
-- LEO
-- IXA
-- VP@
-- BTCTA
-- DLC
Description conventions rda
043 ## - GEOGRAPHIC AREA CODE
Geographic area code aw-----
-- n-us---
050 00 - LIBRARY OF CONGRESS CALL NUMBER
Classification number JZ 1480
Item number .C44 2024
082 00 - DEWEY DECIMAL CLASSIFICATION NUMBER
Classification number 327.73056
Edition number 22
100 1# - MAIN ENTRY--PERSONAL NAME
Personal name Chomsky, Noam.
245 10 - TITLE STATEMENT
Title Perilous power :
Remainder of title the Middle East & U.S. foreign policy : dialogues on terror, democracy, war, and justice /
Statement of responsibility, etc Noam Chomsky & Gilbert Achcar
246 30 - VARYING FORM OF TITLE
Title proper/short title Middle East and U.S. foreign policy
260 ## - PUBLICATION, DISTRIBUTION, ETC. (IMPRINT)
Place of publication, distribution, etc New York
Name of publisher, distributor, etc Routledge
Date of publication, distribution, etc 2024
264 ## - PUBLICATION, DISTRIBUTION, ETC. (IMPRINT)
Place of publication, distribution, etc New York
Name of publisher, distributor, etc Routledge
Date of publication, distribution, etc 2024
300 ## - PHYSICAL DESCRIPTION
Extent xv, 287p.:
336 ## - CONTENT TYPE
Content type term text
Content type code txt
Source rdacontent
337 ## - MEDIA TYPE
Media type term unmediated
Media type code n
Source rdamedia
338 ## - CARRIER TYPE
Carrier type term volume
Carrier type code nc
Source rdacarrier
504 ## - BIBLIOGRAPHY, ETC. NOTE
Bibliography, etc Includes bibliographical references (p. 243-266) and index.
650 #0 - SUBJECT ADDED ENTRY--TOPICAL TERM
Topical term or geographic name as entry element
General subdivision Government policy
Geographic subdivision United States.
650 #0 - SUBJECT ADDED ENTRY--TOPICAL TERM
Topical term or geographic name as entry element
General subdivision Protest movements
Geographic subdivision United States.
650 #0 - SUBJECT ADDED ENTRY--TOPICAL TERM
Topical term or geographic name as entry element Insurgency
Geographic subdivision Iraq.
650 #0 - SUBJECT ADDED ENTRY--TOPICAL TERM
Topical term or geographic name as entry element Democracy
Geographic subdivision Middle East.
651 #0 - SUBJECT ADDED ENTRY--GEOGRAPHIC NAME
Geographic name Middle East
General subdivision Foreign relations
Geographic subdivision United States.
651 #0 - SUBJECT ADDED ENTRY--GEOGRAPHIC NAME
Geographic name United States
General subdivision Foreign relations
Geographic subdivision Middle East.
700 1# - ADDED ENTRY--PERSONAL NAME
Personal name Achcar, Gilbert.
700 1# - ADDED ENTRY--PERSONAL NAME
Personal name Shalom, Stephen Rosskamm,
Dates associated with a name 1948-
856 41 - ELECTRONIC LOCATION AND ACCESS
Materials specified Table of contents only
Uniform Resource Identifier <a href="http://www.loc.gov/catdir/toc/ecip0617/2006021980.html">http://www.loc.gov/catdir/toc/ecip0617/2006021980.html</a>
906 ## - LOCAL DATA ELEMENT F, LDF (RLIN)
a 7
b cbc
c orignew
d 1
e ecip
f 20
g y-gencatlg
942 ## - ADDED ENTRY ELEMENTS (KOHA)
Source of classification or shelving scheme Library of Congress Classification
Koha item type Books
Holdings
Withdrawn status Lost status Source of classification or shelving scheme Damaged status Not for loan Permanent Location Current Location Date acquired Inventory number Total Checkouts Full call number Date last seen Price effective from Koha item type
    Library of Congress Classification     NILE UNIVERSITY OF NIGERIA - MAIN LIBRARY NILE UNIVERSITY OF NIGERIA - MAIN LIBRARY 10/11/2025 0199113   JZ 1480 .C44 2024 10/11/2025 10/11/2025 Books
    Library of Congress Classification     NILE UNIVERSITY OF NIGERIA - MAIN LIBRARY NILE UNIVERSITY OF NIGERIA - MAIN LIBRARY 10/11/2025 0199112   JZ 1480 .C44 2024 10/11/2025 10/11/2025 Books